| 000 | 00513nam a2200121Ia 4500 | ||
|---|---|---|---|
| 008 | 220615s9999||||xx |||||||||||||| ||und|| | ||
| 100 | _aDuffy Graham (Ed.)||Robert Jackall (Ed.) | ||
| 245 | 0 | _aFrom Joseph Bensman: Essays on Modern Society | |
| 546 | _aEnglish[eng] | ||
| 650 | _aJoseph--Political and social views||Sociologists--United States--History--20th century--Biography||Sociology||Bensman | ||
| 856 | _uhttp://trace.tennessee.edu/cgi/viewcontent.cgi?article=1002&context=utk_newfound-ebooks | ||
| 942 | _cEB | ||
| 999 |
_c17080 _d17080 |
||